| 000 | 00343nam a2200121Ia 4500 | ||
|---|---|---|---|
| 008 | 180517s9999 xx 000 0 und d | ||
| 020 | _a9789719807810 | ||
| 100 | _aDuiker, William J. | ||
| 245 |
_cSpielvogel, Jackson J. _aHistory of the world / |
||
| 250 | _a8th ed | ||
| 260 |
_aQuezon City : _bC&E Publishing _c2017 |
||
| 300 | _aiv, 990 pages | ||
| 999 |
_c356419 _d356419 |
||